| 000 | 00703nam a22002417a 4500 | ||
|---|---|---|---|
| 005 | 20170124105956.0 | ||
| 010 | _aA-949146 | ||
| 020 | _c00.00 | ||
| 035 | _aA-949146 | ||
| 037 | _bCen Lib/Ret | ||
| 040 |
_aDPL _bEN |
||
| 082 |
_a324.254 _bDAG |
||
| 100 |
_aDagar, Sher Singh _914698 |
||
| 245 |
_aIndian national congress : _cby Sher Singh Dagar _bHume to Sonia Gandhi / |
||
| 260 |
_a Delhi _bGyan sagar publications _c1998 |
||
| 270 |
_b Delhi _aC-143, Preet vihar _e110092 |
||
| 300 |
_a144p. _c21cm(Hb) |
||
| 500 | _aIncludes index | ||
| 650 |
_aPolitical science _914699 |
||
| 650 |
_aPolitical parties _91274 |
||
| 700 | _914686 | ||
| 942 |
_2ddc _cEN _h324.254 _mDAG |
||
| 999 |
_c125540 _d125540 |
||